University Home | Library Home | Institutional Repository

Present knowledge in nutrition/ (Record no. 50446)

MARC details
000 -LEADER
fixed length control field 00587cas a2200181 4500
008 - FIXED-LENGTH DATA ELEMENTS--GENERAL INFORMATION
fixed length control field 170321n eng u
020 ## - INTERNATIONAL STANDARD BOOK NUMBER
International Standard Book Number 1578811074
035 ## - SYSTEM CONTROL NUMBER
System control number (Sirsi) a201865
050 ## - LIBRARY OF CONGRESS CALL NUMBER
Classification number QP 141 PRE 2001
245 ## - TITLE STATEMENT
Title Present knowledge in nutrition/
Statement of responsibility, etc. edited by Barbara A. Bowman and Robert M. Russell
250 ## - EDITION STATEMENT
Edition statement 8th ed.
260 ## - PUBLICATION, DISTRIBUTION, ETC.
Place of publication, distribution, etc. Washington D.C:
Name of publisher, distributor, etc. International Life Sciences Institute,
Date of publication, distribution, etc. 2001
300 ## - PHYSICAL DESCRIPTION
Extent xiv, 805p.:
Other physical details ill.
504 ## - BIBLIOGRAPHY, ETC. NOTE
Bibliography, etc. note Includes bibliographical references.
650 ## - SUBJECT ADDED ENTRY--TOPICAL TERM
Topical term or geographic name entry element Nutrition
700 ## - ADDED ENTRY--PERSONAL NAME
Personal name Bowman, Barbara A.
700 ## - ADDED ENTRY--PERSONAL NAME
Personal name Russell, Robert M.

No items available.

© 2026 - The University of Zambia Library - Koha v25.11